AU LIBRARIES
Centralized Library System Across Seven Campuses

Introduction to Financial Accounting (Record no. 47498)

MARC details
000 -LEADER
fixed length control field 00607pam a2200205 a 4500
005 - DATE AND TIME OF LATEST TRANSACTION
control field 20260504140325.0
008 - FIXED-LENGTH DATA ELEMENTS--GENERAL INFORMATION
fixed length control field 260504s1988 njua b 001 0 eng
010 ## - LIBRARY OF CONGRESS CONTROL NUMBER
LC control number 88002318
020 ## - INTERNATIONAL STANDARD BOOK NUMBER
ISBN 978-0-13-325103-6
082 00 - DEWEY DECIMAL CLASSIFICATION NUMBER
Classification number 657
Author Mark HOR-I
100 1# - MAIN ENTRY--AUTHOR
Author Name Horngren, Charles T.,
-- Gary Sundem, John Elliott, Donna Philbrick
245 10 - TITLE STATEMENT
Title Introduction to Financial Accounting
250 ## - EDITION STATEMENT
Edition statement 11th Ed
260 ## - PUBLICATION, DISTRIBUTION, ETC.
Place of Publication New Jersey
Name of publisher, distributor, etc. Pearson Education, Inc. A
Date of publication, distribution, etc. 2014
300 ## - PHYSICAL DESCRIPTION
Pages 651 p.
500 ## - GENERAL NOTE
General note Includes index.
650 #0 - SUBJECT ADDED ENTRY--TOPICAL TERM
Subject / Department Accounting
942 ## - ADDED ENTRY ELEMENTS (KOHA)
Koha item type Book
906 ## - LOCAL DATA ELEMENT F, LDF (RLIN)
a 7
b cbc
c orignew
d 1
e ocip
f 19
g y-gencatlg
Holdings
Withdrawn status Lost status Damaged status Not for loan Collection code Permanent Location Current Location Shelving Location Date acquired Source of acquisition Price Inventory number Total Checkouts Full Call Number Accession No./Barcode Date last seen Koha item type
        Accounting Air University Kharian Campus Library Air University Kharian Campus Library Accounting 04/09/2026 Ali Book Services 3094.00 KA/10221   657 HOR-I AUKHP0632 05/04/2026 Book
Air University Sector E-9, Islamabad Pakistan
Email: librarian@au.edu.pk  Tel : +0092 51 9262612 Ext: 631